Igualdad de oportunidades y responsabilidades familiares: estudio de los derechos y medidas para la conciliación de la vida laboral y familiar en la negociación colectiva 2001-2002
Saved in:
| Main Authors: | , , |
|---|---|
| Format: | Bog |
| Sprog: | spansk |
| Udgivet: |
Madrid
Consejo Económico y Social
2004
|
| Udgivelse: | 1a. ed |
| Serier: | Colección Estudios, 157
|
| Fag: | |
| Tags: |
Tilføj Tag
Ingen Tags, Vær først til at tagge denne postø!
|
MARC
| LEADER | 00000nam a2200000 a 4500 | ||
|---|---|---|---|
| 001 | UCK4850 | ||
| 003 | CL-VaPUC | ||
| 008 | 050624e20040900SP |||||||||||||||||spa|d | ||
| 020 | |a 8481882100 | ||
| 082 | 0 | 4 | |a 331.89 |b ARG |2 21 |
| 100 | 0 | |a Argüelles Blanco, Ana Rosa |e author |9 493482 | |
| 700 | 0 | |a Martínez Moreno, Carolina |e author |9 493483 | |
| 700 | 0 | |a Menéndez Sebastián, Paz |e author |9 493484 | |
| 245 | 1 | 0 | |a Igualdad de oportunidades y responsabilidades familiares: estudio de los derechos y medidas para la conciliación de la vida laboral y familiar en la negociación colectiva 2001-2002 |
| 250 | |a 1a. ed | ||
| 300 | |a 333 p | ||
| 942 | |c BK | ||
| 945 | |d 20050624 00:00:00 |a jcarroza | ||
| 260 | |a Madrid |b Consejo Económico y Social |c 2004 | ||
| 650 | 0 | |a Negociación colectiva |9 312433 | |
| 650 | 0 | |a Conflictos laborales |9 256688 | |
| 650 | 0 | |a Igualdad de oportunidades |9 331873 | |
| 650 | 7 | |a RELACIONE FAMILIARES |2 CL-VaPUC |9 493485 | |
| 651 | 0 | |a España |9 254926 | |
| 583 | |a last modification |c 20050624 00:00:00 |k Rodrigo Vera | ||
| 490 | 0 | |a Colección Estudios, 157 | |
| 999 | |c 313591 |d 313589 | ||
| 952 | |0 0 |1 0 |4 0 |6 331_890000000000000_ARG_2004 |7 0 |8 A |9 385015 |a BIBDER |b BIBDER |d 2019-11-22 |i 4140397 |o 331.89 ARG 2004 |p 4140397 |r 2023-01-25 |w 2019-11-22 |y BK |k DER | ||